Все о комнатных растениях: пер. с нем.
| Auteur principal: | |
|---|---|
| Langue: | russe |
| Publié: |
Москва, БММ АО, 2000
|
| Sujets: | |
| Format: | Livre |
| KOHA link: | https://koha.lib.tpu.ru/cgi-bin/koha/opac-detail.pl?biblionumber=27648 |
MARC
| LEADER | 00000nam0a2200000 4500 | ||
|---|---|---|---|
| 001 | 27648 | ||
| 005 | 20231030202252.0 | ||
| 010 | |a 5883530699 | ||
| 035 | |a (RuTPU)RU\TPU\book\27901 | ||
| 035 | |a BOOK00027976 | ||
| 090 | |a 27648 | ||
| 100 | |a 20011209d2000 u y0rusy50 ca | ||
| 101 | 1 | |a rus | |
| 102 | |a RU | ||
| 105 | |a a 000|y | ||
| 200 | 1 | |a Все о комнатных растениях |e пер. с нем. |f Ф. Бехтхольд | |
| 210 | |a Москва |c БММ АО |d 2000 | ||
| 215 | |a 160 с. |c ил. | ||
| 610 | 1 | |a ботаника | |
| 610 | 1 | |a комнатные растения | |
| 610 | 1 | |a уход | |
| 675 | |a 581 |v 3 | ||
| 700 | 1 | |a Бехтхольд |g Фридхельм | |
| 801 | 0 | |a RU |b 63413507 |c 20011209 |g PSBO | |
| 942 | |c BK | ||